Bestiario de amor.
Saved in:
| Main Author: | |
|---|---|
| Format: | Book |
| Published: |
Chile:
Ediciones Sol Invictus,
2000.
|
| Subjects: | |
| Tags: |
Add Tag
No Tags, Be the first to tag this record!
|
MARC
| LEADER | 00000nam a2200000 a 4500 | ||
|---|---|---|---|
| 001 | UCW0109 | ||
| 003 | CL-VaPUC | ||
| 005 | 20241121123222.0 | ||
| 008 | 241114t2000 ||||| |||| 00| 0 eng d | ||
| 999 | |c 445708 |d 445706 | ||
| 040 | |c Pontificia Universidad Católica de Valparaíso | ||
| 082 | 0 | 4 | |a 841 FOU 2000 |2 21 |
| 100 | |a Fournival, Richard de |e autor |9 304099 | ||
| 245 | 1 | 0 | |a Bestiario de amor. |
| 260 | |a Chile: |b Ediciones Sol Invictus, |c 2000. | ||
| 300 | |a 87 páginas. | ||
| 500 | |a c.1 Donación Biblioteca Mayor de Filosofía y Educación. 5-11- 2024. | ||
| 583 | |a last modification |c 19890711 00:00:00 |k Catalogador Asistente | ||
| 650 | 0 | |a Poesías francesas |9 265467 | |
| 942 | |c BK |2 ddc | ||
| 952 | |0 0 |1 0 |2 ddc |4 0 |6 841_000000000000000_FOU_2000 |7 0 |8 A |9 598032 |a BIBEDU |b BIBEDU |d 2024-11-14 |e Donación |i 5663263 |l 1 |o 841 FOU 2000 |p 5663263 |r 2025-04-09 |s 2025-04-09 |t 1 |w 2024-11-14 |y BK |k EDU | ||